[Event "III Open A"]
[Site "Genova ITA"]
[Date "1999.08.12"]
[Round "5"]
[White "Gardini, Enrico"]
[Black "Orsenigo, Davide"]
[Result "1/2-1/2"]
[WhiteElo "1371"]
[BlackElo "1500"]
[PlyCount "125"]
[EventDate "1999.08.09"]

1.e4 c6 2.d4 d5 3.Nc3 dxe4 4.Nxe4 Bf5 5.Bd3 Qxd4 6.Nf3 Qd5 7.c4 Qd8 8.O-O 
Bxe4 9.Bxe4 Qxd1 10.Rxd1 Nf6 11.Bc2 Nbd7 12.b3 Rd8 13.Bb2 g6 14.Re1 Bg7 
15.Rad1 Nb8 16.Rxd8+ Kxd8 17.Ng5 Ke8 18.h3 Nbd7 19.a4 c5 20.Bc3 e6 21.Bd1 
Ke7 22.Bf3 h6 23.Ne4 b6 24.Nd2 Rd8 25.Nb1 Ne8 26.Bd2 Nb8 27.Re2 h5 28.b4 
Nd7 29.Nc3 cxb4 30.Nd5+ Kf8 31.Bxb4+ Nc5 32.Nf4 Rd4 33.Re4 Nd6 34.Rxd4 
Bxd4 35.Be2 Nde4 36.Nd3 Nc3 37.Bxc3 Bxc3 38.Nxc5 bxc5 39.f3 Ke7 40.Kf2 Kd7
41.Ke3 Kc6 42.Kd3 Bd4 43.Bd1 e5 44.Be2 Kb6 45.Kc2 Ka5 46.Kb3 Kb6 47.Kc2 a5
48.Kd3 Kc6 49.g4 h4 50.Ke4 f6 51.f4 exf4 52.Kxf4 Be5+ 53.Ke4 Kd6 54.Bd3 
Ke6 55.Kf3 f5 56.gxf5+ gxf5 57.Be2 Bg3 58.Ke3 Ke5 59.Bf3 Bf4+ 60.Kd3 Bc1 
61.Bd5 Kf4 62.Be6 Ke5 63.Bd5 1/2-1/2

[Event "III Open A"]
[Site "Genova ITA"]
[Date "1999.08.12"]
[Round "5"]
[White "Godena, Michele"]
[Black "Laubsch, Bernd"]
[Result "1-0"]
[WhiteElo "2490"]
[BlackElo "2184"]
[PlyCount "129"]
[EventDate "1999.08.09"]

1.e4 c5 2.Nf3 e6 3.c3 d5 4.exd5 Qxd5 5.d4 Nf6 6.Na3 Be7 7.Nb5 Na6 8.c4 Qd8
9.Be2 O-O 10.O-O Bd7 11.Nc3 cxd4 12.Nxd4 e5 13.Nc2 Rc8 14.Be3 b6 15.Bf3 
Qc7 16.b3 Rfd8 17.Qc1 Bf5 18.Bg5 e4 19.Be2 Qe5 20.Ne3 Be6 21.Bh4 Bb4 22.
Nb5 Bd2 23.Qa3 Nb4 24.Rad1 a5 25.Bg3 Qg5 26.Qb2 Bxe3 27.fxe3 Qxe3+ 28.Bf2 
Qg5 29.Bxb6 Bh3 30.g3 Bxf1 31.Rxd8+ Rxd8 32.Bxd8 Bh3 33.Qc3 Nd3 34.Bb6 Nc1
35.Bf1 Bxf1 36.Kxf1 Ng4 37.Qd4 Qf5+ 38.Ke1 Nd3+ 39.Kd2 Qg5+ 40.Ke2 h5 41.
Qd8+ Qxd8 42.Bxd8 Nxh2 43.Bxa5 Nf3 44.b4 h4 45.gxh4 Nxh4 46.c5 Nf5 47.c6 
Ne7 48.c7 Nc8 49.Ke3 f5 50.Nd4 g6 51.Nc6 Kf7 52.b5 Nc5 53.Nd8+ Ke8 54.b6 
Kd7 55.Kd4 Nxb6 56.Bxb6 Na6 57.Nf7 Nxc7 58.Ne5+ Kd6 59.Bxc7+ Kxc7 60.Nxg6 
Kb6 61.Kc4 Ka5 62.Kb3 Kb5 63.a4+ Kc5 64.Kc3 Kd5 65.Ne7+ 1-0

[Event "III Open A"]
[Site "Genova ITA"]
[Date "1999.08.12"]
[Round "5"]
[White "Guido, Flavio"]
[Black "Satta, Vladimiro"]
[Result "1/2-1/2"]
[WhiteElo "2367"]
[BlackElo "2212"]
[PlyCount "32"]
[EventDate "1999.08.09"]

1.e4 e6 2.d4 d5 3.e5 c5 4.c3 Nc6 5.Nf3 Bd7 6.Be2 Nge7 7.O-O Rc8 8.Na3 cxd4
9.cxd4 Ng6 10.Nc2 Be7 11.Bd3 O-O 12.Be3 Na5 13.b3 a6 14.Bd2 Nc6 15.Re1 f6 
16.exf6 gxf6 1/2-1/2

[Event "III Open A"]
[Site "Genova ITA"]
[Date "1999.08.12"]
[Round "5"]
[White "Jovanic, Ognjen"]
[Black "Mateuta, Gabriel"]
[Result "1-0"]
[WhiteElo "2333"]
[BlackElo "2398"]
[PlyCount "127"]
[EventDate "1999.08.09"]

1.d4 e6 2.Nf3 c5 3.e3 Nf6 4.Bd3 b6 5.O-O Bb7 6.c4 Be7 7.Nc3 O-O 8.d5 d6 9.
e4 e5 10.a3 Bc8 11.b4 Nbd7 12.Rb1 Nh5 13.g3 g6 14.h4 Ng7 15.Bh6 Nf6 16.Nh2
Nfh5 17.Be2 Bh3 18.Re1 f5 19.Bxh5 gxh5 20.exf5 Bxf5 21.Ne4 Qe8 22.bxc5 Qg6
23.Bxg7 Kxg7 24.Qe2 bxc5 25.Rb7 Rf7 26.Nf1 Raf8 27.Rxa7 Bxh4 28.Rxf7+ Rxf7
29.Nxd6 Qxd6 30.gxh4 e4 31.Qxh5 Bg6 32.Qg5 Qf6 33.Qxf6+ Kxf6 34.Rd1 Bh5 
35.Rd2 Rg7+ 36.Kh2 Bf3 37.Ng3 Ra7 38.d6 Ke6 39.d7 Rxd7 40.Rxd7 Kxd7 41.Nf1
Ke6 42.Nd2 Bd1 43.Nxe4 Ke5 44.Nxc5 Kd4 45.Ne6+ Kxc4 46.f4 Kd5 47.Ng5 h6 
48.Nf7 Ke4 49.Kg3 h5 50.Ng5+ Kf5 51.Nh3 Ba4 52.Nf2 Bc2 53.Kf3 Ke6 54.Ne4 
Kd5 55.Ng3 Kd4 56.Ke2 Ba4 57.Kd2 Bb3 58.f5 Ke5 59.Kc3 Bf7 60.a4 Kf4 61.a5 
Kxg3 62.a6 Kxh4 63.a7 Bd5 64.Kd4 1-0

[Event "III Open A"]
[Site "Genova ITA"]
[Date "1999.08.12"]
[Round "5"]
[White "Loncar, Robert"]
[Black "Bonetti, Marco"]
[Result "1/2-1/2"]
[WhiteElo "2429"]
[BlackElo "1848"]
[PlyCount "44"]
[EventDate "1999.08.09"]

1.d4 Nf6 2.c4 g6 3.Nc3 Bg7 4.e4 d6 5.Nf3 O-O 6.Be2 c6 7.O-O e5 8.d5 c5 9.
Ne1 Nbd7 10.Nd3 a6 11.a4 Ne8 12.Be3 f5 13.exf5 gxf5 14.f4 e4 15.Nf2 Ndf6 
16.Kh1 b6 17.Rg1 Ra7 18.g4 Kh8 19.g5 Ng8 20.Rg3 Ne7 21.Bh5 Ng6 22.Bxg6 
hxg6 1/2-1/2

[Event "III Open A"]
[Site "Genova ITA"]
[Date "1999.08.12"]
[Round "5"]
[White "Neiman, Emmanuel"]
[Black "Drei, Andrea"]
[Result "1/2-1/2"]
[WhiteElo "2353"]
[BlackElo "2349"]
[PlyCount "107"]
[EventDate "1999.08.09"]

1.d4 Nf6 2.c4 e6 3.Nc3 Bb4 4.e3 b6 5.Ne2 c5 6.a3 Ba5 7.Rb1 Na6 8.Bd2 Bb7 
9.d5 exd5 10.cxd5 Qe7 11.Nf4 O-O 12.Bc4 d6 13.O-O Bxc3 14.Bxc3 Ne4 15.Be1 
Nc7 16.f3 Nc3 17.Bxc3 Qxe3+ 18.Kh1 Qxf4 19.Qd3 b5 20.Bxb5 Nxb5 21.Qxb5 
Bxd5 22.Rfe1 Rfc8 23.Rbd1 Bc6 24.Qd3 d5 25.b4 Ba4 26.Rc1 cxb4 27.axb4 Bb3 
28.Bd2 Rxc1 29.Rxc1 Bc4 30.Qxh7+ Kxh7 31.Bxf4 Re8 32.h4 Re2 33.Kh2 Kg6 34.
Kg3 a6 35.Rd1 Rb2 36.Bd6 Kf5 37.Bf8 g6 38.Kh3 f6 39.Bc5 Rc2 40.Be3 Rb2 41.
g4+ Ke6 42.Re1 Re2 43.Rxe2 Bxe2 44.Kg3 Ke5 45.Kf2 Bd3 46.Bh6 d4 47.Bg7 Ke6
48.Ke1 Kf7 49.Bh8 Ke6 50.Kd2 Bb1 51.Bg7 Kf7 52.Bh8 Ke6 53.Bg7 Kf7 54.Bh8 
1/2-1/2

[Event "III Open A"]
[Site "Genova ITA"]
[Date "1999.08.12"]
[Round "5"]
[White "Abd El Gawad, Shaban"]
[Black "Di Paolo, Raffaele"]
[Result "0-1"]
[WhiteElo "2072"]
[BlackElo "2294"]
[PlyCount "108"]
[EventDate "1999.08.09"]

1.d4 d6 2.e4 Nf6 3.Bd3 e5 4.Ne2 Nc6 5.c3 Be7 6.d5 Nb8 7.f3 O-O 8.Be3 c6 9.
c4 Ne8 10.g4 Bg5 11.Bf2 Bh4 12.Ng3 g6 13.Qd2 Ng7 14.Nc3 Nd7 15.O-O Bg5 16.
Qe2 Kh8 17.Kg2 cxd5 18.cxd5 Nf6 19.Rh1 h5 20.h3 Nh7 21.Qc2 Bh4 22.Nce2 Bd7
23.Be3 Bg5 24.Bf2 a6 25.Nf1 Bh4 26.Neg3 Rc8 27.Qd2 f5 28.exf5 gxf5 29.gxh5
Bg5 30.Qb4 Qe7 31.h4 Bf4 32.Re1 Bh6 33.f4 e4 34.Qd2 Rg8 35.Bd4 Nf6 36.Be2 
Kh7 37.Kh3 Nxd5 38.Be3 Nf6 39.Rd1 Rc6 40.Kg2 Ngxh5 41.Kf2 Nxg3 42.Nxg3 
Ng4+ 43.Bxg4 Rxg4 44.Rdg1 Be6 45.h5 Qc7 46.Rc1 d5 47.Ne2 Rxc1 48.Rxc1 Qg7 
49.Qb4 Rg2+ 50.Ke1 Qg4 51.Qxb7+ Bg7 52.Qxa6 Qf3 53.Ba7 e3 54.h6 Rg1+ 0-1

[Event "III Open A"]
[Site "Genova ITA"]
[Date "1999.08.12"]
[Round "6"]
[White "Bonetti, Marco"]
[Black "Bogza, Adina-Maria"]
[Result "0-1"]
[WhiteElo "1848"]
[BlackElo "2210"]
[PlyCount "46"]
[EventDate "1999.08.09"]

1.e4 d6 2.d4 Nf6 3.Nc3 g6 4.f4 Bg7 5.Nf3 O-O 6.Bd3 Nc6 7.h3 e5 8.d5 Nd4 9.
fxe5 dxe5 10.Be3 Nh5 11.Bxd4 exd4 12.Ne2 c6 13.dxc6 bxc6 14.Qd2 Rb8 15.g4 
Nf6 16.g5 Nh5 17.Bc4 Rxb2 18.O-O-O Rb8 19.Nfxd4 Qe7 20.Qe3 Qc5 21.Bb3 Ba6 
22.h4 Bxe2 23.Qxe2 Bxd4 0-1

[Event "III Open A"]
[Site "Genova ITA"]
[Date "1999.08.12"]
[Round "6"]
[White "Di Paolo, Raffaele"]
[Black "Guido, Flavio"]
[Result "0-1"]
[WhiteElo "2294"]
[BlackElo "2367"]
[PlyCount "130"]
[EventDate "1999.08.09"]

1.e4 c5 2.Nf3 e6 3.d4 cxd4 4.Nxd4 Nf6 5.Nc3 d6 6.Bc4 a6 7.Bb3 b5 8.O-O Be7
9.f4 O-O 10.f5 b4 11.Na4 e5 12.Ne2 Bb7 13.Bd5 Bxd5 14.exd5 Nbd7 15.Kh1 Qc7
16.c3 Qc4 17.cxb4 Nxd5 18.b3 Qb5 19.Nac3 Nxc3 20.Nxc3 Qxb4 21.Nd5 Qh4 22.
Ba3 Bd8 23.Rc1 Nf6 24.Rc4 e4 25.Bxd6 Re8 26.Nxf6+ Bxf6 27.Qe2 Be5 28.g3 
Qf6 29.Ba3 Bd4 30.Rf4 Qe5 31.f6 Re6 32.Qg4 g6 33.Be7 Qd5 34.Qe2 h6 35.Rf1 
Bb6 36.Rd1 Qf5 37.Kg2 e3 38.b4 Kh7 39.a4 Re4 40.Rf1 Qe5 41.Rxe4 Qxe4+ 42.
Qf3 Qxf3+ 43.Kxf3 Rc8 44.Re1 Rc3 45.Re2 g5 46.h3 Kg6 47.g4 h5 48.Ke4 hxg4 
49.hxg4 a5 50.Kd5 axb4 51.Bxb4 Rc1 52.a5 Ba7 53.Ke5 Rc4 54.Be7 Rxg4 55.Kd6
Ra4 56.Bd8 Rd4+ 57.Kc7 Rxd8 58.Kxd8 Kxf6 59.Kc7 Ke5 60.Kb7 Bd4 61.a6 Ke4 
62.Rb2 Bxb2 63.a7 e2 64.a8=Q e1=Q 65.Qa4+ Kf5 0-1

[Event "III Open A"]
[Site "Genova ITA"]
[Date "1999.08.12"]
[Round "6"]
[White "Godena, Michele"]
[Black "Ardelean, George Catalin"]
[Result "1/2-1/2"]
[WhiteElo "2490"]
[BlackElo "2374"]
[PlyCount "53"]
[EventDate "1999.08.09"]

1.e4 c5 2.c3 d5 3.exd5 Qxd5 4.d4 e6 5.Nf3 Nf6 6.Be2 Nc6 7.O-O Be7 8.Be3 
Ng4 9.Bf4 O-O 10.c4 Qf5 11.Bc7 Nf6 12.Nc3 cxd4 13.Nxd4 Nxd4 14.Qxd4 Bd7 
15.Qe5 Qxe5 16.Bxe5 Bc6 17.Rfd1 Rfd8 18.f3 Ne8 19.Kf1 f6 20.Bd4 b6 21.Bf2 
Bc5 22.Rxd8 Rxd8 23.Rd1 Rxd1+ 24.Bxd1 Bxf2 25.Kxf2 Nd6 26.Be2 e5 27.b4 
1/2-1/2

[Event "III Open A"]
[Site "Genova ITA"]
[Date "1999.08.12"]
[Round "6"]
[White "Grigore, George-Gabriel"]
[Black "Cebalo, Miso"]
[Result "1/2-1/2"]
[WhiteElo "2526"]
[BlackElo "2453"]
[PlyCount "63"]
[EventDate "1999.08.09"]

1.d4 Nf6 2.c4 g6 3.Nc3 Bg7 4.e4 d6 5.Be2 O-O 6.Nf3 Bg4 7.Be3 Nfd7 8.Qb3 
Bxf3 9.Bxf3 Nc6 10.Rd1 e5 11.dxe5 Ndxe5 12.Be2 Qd7 13.O-O b6 14.Nd5 Na5 
15.Qc2 c6 16.Nf4 Nb7 17.b4 Qc7 18.Qb3 Rfe8 19.Rfe1 Nd8 20.a4 Ne6 21.Nxe6 
Rxe6 22.f3 Nd7 23.Bf1 a5 24.b5 Nc5 25.Qc2 Rae8 26.Bf2 R6e7 27.g3 Ne6 28.
Qd3 c5 29.Bh3 Nd4 30.Bg2 h5 31.h4 Kh7 32.Kh2 1/2-1/2

[Event "III Open A"]
[Site "Genova ITA"]
[Date "1999.08.12"]
[Round "6"]
[White "Jovanic, Ognjen"]
[Black "Dervishi, Erald"]
[Result "0-1"]
[WhiteElo "2333"]
[BlackElo "2496"]
[PlyCount "106"]
[EventDate "1999.08.09"]

1.d4 Nf6 2.Nf3 e6 3.e3 b6 4.Bd3 Bb7 5.O-O Be7 6.c4 O-O 7.Nc3 d5 8.b3 Nbd7 
9.Bb2 Ne4 10.Rc1 f5 11.Ne2 Bd6 12.Ne5 c5 13.Nf4 Qe7 14.cxd5 exd5 15.Nxd7 
Qxd7 16.g3 Qf7 17.Qh5 g6 18.Qe2 Rac8 19.Rfd1 Rfd8 20.h4 Rc7 21.Ba1 Bxf4 
22.exf4 h5 23.Bxe4 fxe4 24.dxc5 bxc5 25.Qxe4 d4 26.Qd3 Kh7 27.Re1 Qd5 28.
f3 Qxf3 29.Qxf3 Bxf3 30.Rc2 d3 31.Rd2 Bg4 32.Rc1 Bf5 33.Be5 Rc6 34.Kf2 Kg8
35.Rc4 Kf7 36.b4 Rdc8 37.bxc5 Rxc5 38.Rxc5 Rxc5 39.Bd4 Rc7 40.Rb2 Ke6 41.
Ke3 a6 42.Be5 Rc4 43.Rb6+ Kd5 44.Rb2 Rc1 45.Kf2 Kc4 46.Ke3 a5 47.Bg7 Bg4 
48.Be5 Re1+ 49.Kf2 Rxe5 50.fxe5 Kc3 51.Rb3+ Kc2 52.e6 d2 53.e7 Bd7 0-1

[Event "III Open A"]
[Site "Genova ITA"]
[Date "1999.08.12"]
[Round "6"]
[White "Laubsch, Bernd"]
[Black "Wall, Gavin"]
[Result "0-1"]
[WhiteElo "2184"]
[BlackElo "2353"]
[PlyCount "76"]
[EventDate "1999.08.09"]

1.e4 e5 2.Nf3 d6 3.d4 exd4 4.Nxd4 Nf6 5.Nc3 Be7 6.g3 d5 7.e5 Ne4 8.Nxe4 
dxe4 9.Bf4 O-O 10.h4 c5 11.Nb3 Qxd1+ 12.Rxd1 Bg4 13.Be2 Bd7 14.Kd2 Bc6 15.
Ke3 a5 16.Nd2 f5 17.exf6 Bxf6 18.c3 Re8 19.Nc4 h6 20.Bh5 Rd8 21.Rxd8+ Bxd8
22.Ne5 g5 23.Rd1 gxf4+ 24.gxf4 Bf6 25.Ng4 Kg7 26.Nxf6 Kxf6 27.Rd6+ Ke7 28.
Rxh6 Nd7 29.Rh7+ Kd6 30.Rh6+ Ke7 31.Rh7+ Kd6 32.Rh6+ Kc7 33.Bg6 Nf6 34.Bf5
Nd5+ 35.Kd2 Rd8 36.Bxe4 Nb6+ 37.Ke3 Nc4+ 38.Kf3 Nd2+ 0-1

[Event "III Open A"]
[Site "Genova ITA"]
[Date "1999.08.12"]
[Round "6"]
[White "Mazzetta, Franco"]
[Black "Corti, Corrado"]
[Result "1/2-1/2"]
[WhiteElo "1567"]
[BlackElo "1747"]
[PlyCount "53"]
[EventDate "1999.08.09"]

1.e4 c6 2.Nc3 d5 3.Qf3 e6 4.exd5 exd5 5.d4 Nf6 6.Bd3 Be6 7.Nge2 Bd6 8.Bf4 
O-O 9.Bxd6 Qxd6 10.Qf4 Qd8 11.h3 Nbd7 12.g4 Re8 13.O-O-O Qa5 14.Kb1 Ne4 
15.Rhf1 b5 16.f3 b4 17.fxe4 bxc3 18.Nxc3 Rab8 19.Kc1 Qb4 20.e5 Qxb2+ 21.
Kd2 Qa3 22.Rb1 c5 23.Rb3 Qa5 24.Rfb1 cxd4 25.Qxd4 Rbc8 26.Rb5 Qd8 27.Nxd5 
1/2-1/2

[Event "III Open A"]
[Site "Genova ITA"]
[Date "1999.08.12"]
[Round "6"]
[White "Neiman, Emmanuel"]
[Black "Ptaschinski, Dirk"]
[Result "1-0"]
[WhiteElo "2353"]
[BlackElo "2182"]
[PlyCount "65"]
[EventDate "1999.08.09"]

1.d4 d5 2.c4 c6 3.Nf3 dxc4 4.e3 Be6 5.Nbd2 b5 6.a4 Qa5 7.Be2 Nf6 8.O-O g6 
9.e4 Bg7 10.Ng5 Bd7 11.Ra3 Qc7 12.e5 Nd5 13.axb5 cxb5 14.Bf3 Be6 15.Be4 
Nc6 16.Nxe6 fxe6 17.Qg4 Qd7 18.Bxg6+ hxg6 19.Qxg6+ Kd8 20.Qxg7 Kc7 21.Qg4 
Rag8 22.Qe4 Kb6 23.Nf3 Rh5 24.h4 Rf5 25.Bg5 b4 26.Raa1 a5 27.Nd2 c3 28.
Nc4+ Ka6 29.Qd3 Nf4 30.Bxf4 Rxf4 31.bxc3 Rxg2+ 32.Kxg2 Qd5+ 33.f3 1-0

[Event "III Open A"]
[Site "Genova ITA"]
[Date "1999.08.12"]
[Round "6"]
[White "Orsenigo, Davide"]
[Black "Ferreira, Maurizio"]
[Result "1/2-1/2"]
[WhiteElo "1500"]
[BlackElo "1546"]
[PlyCount "39"]
[EventDate "1999.08.09"]

1.e4 d6 2.d4 Nf6 3.Nc3 g6 4.f4 Bg7 5.Nf3 c5 6.Bb5+ Bd7 7.e5 dxe5 8.dxe5 
Ng4 9.e6 fxe6 10.Ng5 Bxc3+ 11.bxc3 Bxb5 12.Qxg4 Qd5 13.Qxe6 Qxe6+ 14.Nxe6 
Na6 15.Kf2 Bc4 16.Re1 Kd7 17.Ng5 Rae8 18.Nf3 Kc7 19.Ne5 Bb5 20.Be3 1/2-1/2

[Event "III Open A"]
[Site "Genova ITA"]
[Date "1999.08.12"]
[Round "6"]
[White "Vujovic, Milorad"]
[Black "Bancod, Ronald"]
[Result "0-1"]
[WhiteElo "2258"]
[BlackElo "2388"]
[PlyCount "73"]
[EventDate "1999.08.09"]

1.e4 c5 2.Nf3 d6 3.d4 cxd4 4.Nxd4 Nf6 5.Nc3 g6 6.Bc4 Bg7 7.Bb3 O-O 8.h3 
Nc6 9.Be3 Bd7 10.O-O a6 11.f4 b5 12.a3 Rc8 13.Nxc6 Bxc6 14.e5 Ne4 15.e6 f5
16.Nxe4 Bxe4 17.c3 d5 18.a4 b4 19.cxb4 d4 20.Bd2 d3 21.Ra2 Bxb2 22.b5 axb5
23.axb5 Qb6+ 24.Kh2 Bf6 25.Ba4 Rfd8 26.Ra3 Kg7 27.Qe1 Qxe6 28.Bb3 Qd6 29.
Ra6 Qb8 30.Ba4 Rd6 31.g4 Rxa6 32.bxa6 Qb6 33.Bd7 Rc2 34.gxf5 gxf5 35.Rf2 
Qxa6 36.Qg1+ Kh8 37.Qg3 0-1

[Event "III Open A"]
[Site "Genova ITA"]
[Date "1999.08.13"]
[Round "7"]
[White "Ardelean, George Catalin"]
[Black "Neiman, Emmanuel"]
[Result "1-0"]
[WhiteElo "2374"]
[BlackElo "2353"]
[PlyCount "61"]
[EventDate "1999.08.09"]

1.e4 e5 2.Nf3 Nc6 3.d4 exd4 4.c3 d5 5.exd5 Qxd5 6.cxd4 Nf6 7.Nc3 Bb4 8.Be2
Be6 9.O-O Qd6 10.Bg5 Bxc3 11.bxc3 Ne4 12.Qc2 Nxg5 13.Nxg5 Bd5 14.Bd3 Ne7 
15.Ne4 Qh6 16.c4 Bc6 17.d5 Bd7 18.Nc5 Bc8 19.Rae1 Kd8 20.Re3 b6 21.Nb3 Bd7
22.Rfe1 Re8 23.Qe2 Qf6 24.c5 bxc5 25.Nxc5 a6 26.Bxa6 Rxa6 27.Qxa6 Qxa6 28.
Nxa6 Nxd5 29.Rxe8+ Bxe8 30.Rd1 c6 31.Nb4 1-0

[Event "III Open A"]
[Site "Genova ITA"]
[Date "1999.08.13"]
[Round "7"]
[White "Bancod, Ronald"]
[Black "Grigore, George-Gabriel"]
[Result "0-1"]
[WhiteElo "2388"]
[BlackElo "2526"]
[PlyCount "56"]
[EventDate "1999.08.09"]

1.g3 e5 2.Bg2 d5 3.d3 Nf6 4.Nf3 Bd6 5.O-O O-O 6.c4 dxc4 7.dxc4 Re8 8.Nc3 
h6 9.Nb5 Nc6 10.e3 e4 11.Nxd6 cxd6 12.Nd4 Ne5 13.Nb5 d5 14.cxd5 Bg4 15.Qb3
Nf3+ 16.Kh1 Re5 17.Nd4 Rh5 18.Bxf3 exf3 19.Qxb7 Bh3 20.Nc6 Qe8 21.Rd1 Ng4 
22.Kg1 Nxh2 23.d6 Bg2 24.Ne7+ Kh8 25.Rd5 Rh3 26.Rf5 Rd8 27.b3 Qd7 28.Qe4 
Qxf5 0-1

[Event "III Open A"]
[Site "Genova ITA"]
[Date "1999.08.13"]
[Round "7"]
[White "Bogza, Adina-Maria"]
[Black "Mateuta, Gabriel"]
[Result "0-1"]
[WhiteElo "2210"]
[BlackElo "2398"]
[PlyCount "132"]
[EventDate "1999.08.09"]

1.d4 e6 2.Nf3 f5 3.Bg5 Nf6 4.Nbd2 d5 5.e3 Bd6 6.Ne5 O-O 7.Bd3 c5 8.c3 Qb6 
9.Qb3 Qc7 10.Qc2 Bxe5 11.dxe5 Ng4 12.Nf3 Nc6 13.Bb5 Ngxe5 14.O-O-O Nf7 15.
Bh4 Qa5 16.Qa4 Qb6 17.Bxc6 bxc6 18.g4 e5 19.gxf5 Bxf5 20.Rhg1 Rab8 21.Qa3 
Rfe8 22.Nd2 Qb5 23.c4 Qb4 24.Qxb4 Rxb4 25.e4 dxe4 26.b3 a5 27.Rg3 a4 28.
Kb2 Kf8 29.Kc3 axb3 30.axb3 Ra8 31.Kb2 Rb7 32.Nb1 Rab8 33.Re3 g5 34.Bg3 h5
35.h4 g4 36.Kc2 Ke7 37.Nd2 Ke6 38.Ra1 Rd7 39.Ra5 Rbd8 40.Nb1 Rd3 41.Rxc5 
Ra8 42.Rxc6+ Kd7 43.Rf6 Ra2+ 44.Kc1 Be6 45.Nc3 Ra1+ 46.Kc2 Ke7 47.Rxf7+ 
Kxf7 48.Rxe4 Rf3 49.Rxe5 Bf5+ 50.Kd2 Kg6 51.Re3 Ra3 52.Rxf3 gxf3 53.b4 Rb3
54.Bd6 Kf7 55.b5 Ke6 56.Bc5 Ke5 57.b6 Be6 58.Kd3 Bf5+ 59.Kd2 Bg6 60.Be3 
Rb2+ 61.Kd1 Be8 62.Kc1 Rb4 63.c5 Bc6 64.Kc2 Rxh4 65.Nb5 Rb4 66.Nd4 Rxd4 
0-1

[Event "III Open A"]
[Site "Genova ITA"]
[Date "1999.08.13"]
[Round "7"]
[White "Cebalo, Miso"]
[Black "Dervishi, Erald"]
[Result "1-0"]
[WhiteElo "2453"]
[BlackElo "2496"]
[PlyCount "53"]
[EventDate "1999.08.09"]

1.d4 Nf6 2.c4 e6 3.Nf3 d5 4.Nc3 Be7 5.Bg5 O-O 6.e3 c6 7.Qc2 Nbd7 8.O-O-O 
dxc4 9.Bxc4 Nd5 10.h4 Re8 11.Kb1 Qa5 12.Ne4 Bf8 13.Bf4 Nb4 14.Qe2 Nb6 15.
Bb3 Qf5 16.Ng5 h6 17.g4 Qb5 18.Qf3 N6d5 19.Nd6 Bxd6 20.Bxd6 Nf6 21.Be5 c5 
22.Bxf6 c4 23.Qe4 g6 24.h5 cxb3 25.hxg6 bxa2+ 26.Ka1 Re7 27.Rxh6 1-0

[Event "III Open A"]
[Site "Genova ITA"]
[Date "1999.08.13"]
[Round "7"]
[White "Corti, Corrado"]
[Black "Roversi, Stefano"]
[Result "1-0"]
[WhiteElo "1747"]
[BlackElo "1540"]
[PlyCount "69"]
[EventDate "1999.08.09"]

1.e4 c5 2.Nf3 Nc6 3.d4 cxd4 4.Nxd4 e6 5.Be3 a6 6.Nxc6 bxc6 7.Bd3 d5 8.O-O 
Bd6 9.f4 dxe4 10.Bxe4 Qc7 11.Qf3 Ne7 12.Nd2 Nd5 13.Nc4 Bb7 14.Nxd6+ Qxd6 
15.Bd4 Nf6 16.Rad1 Qc7 17.Bc5 Nxe4 18.Qxe4 Rd8 19.Qe3 Rd5 20.c4 Rd7 21.Qe2
a5 22.Rfe1 Ba6 23.b3 Rd5 24.Qe3 Rd7 25.Rd4 Rxd4 26.Qxd4 Rg8 27.Rd1 Bc8 28.
Qe3 f6 29.Bb6 Qb7 30.Qc5 Kf7 31.Bxa5 g5 32.Bc3 gxf4 33.Qh5+ Ke7 34.Qxh7+ 
Kf8 35.Rd8# 1-0

[Event "III Open A"]
[Site "Genova ITA"]
[Date "1999.08.13"]
[Round "7"]
[White "Fassio, Francesco"]
[Black "Orsenigo, Davide"]
[Result "1-0"]
[WhiteElo "1500"]
[BlackElo "1500"]
[PlyCount "47"]
[EventDate "1999.08.09"]

1.b3 Nc6 2.Bb2 e5 3.c4 f5 4.e3 Nf6 5.Ne2 d5 6.cxd5 Nxd5 7.Nbc3 Bc5 8.Na4 
Bd6 9.Nec3 Be6 10.Bb5 Ne7 11.Rc1 a6 12.Bxc6+ Nxc6 13.Ba1 O-O 14.O-O f4 15.
f3 fxe3 16.dxe3 Qg5 17.Nd5 Bh3 18.Qd2 Rad8 19.Qe2 Ba3 20.Rcd1 Rd6 21.f4 
exf4 22.Nxf4 Rxd1 23.Rxd1 b5 24.Nxh3 1-0

[Event "III Open A"]
[Site "Genova ITA"]
[Date "1999.08.13"]
[Round "7"]
[White "Guido, Flavio"]
[Black "Drei, Andrea"]
[Result "1/2-1/2"]
[WhiteElo "2367"]
[BlackElo "2349"]
[PlyCount "79"]
[EventDate "1999.08.09"]

1.e4 c5 2.c3 Nf6 3.e5 Nd5 4.d4 cxd4 5.Nf3 e6 6.cxd4 b6 7.Bd3 Bb4+ 8.Bd2 
Bxd2+ 9.Qxd2 Ba6 10.Be4 Nc6 11.Bxd5 exd5 12.Nc3 Nb4 13.Nb5 Nc2+ 14.Qxc2 
Bxb5 15.Qb3 Bc4 16.Qa3 h5 17.h4 Rh6 18.Rh3 Rg6 19.Ng5 Qe7 20.Qxe7+ Kxe7 
21.Re3 Kf8 22.g3 Rc6 23.a3 a5 24.Rc1 a4 25.Kd2 b5 26.Rf3 f6 27.exf6 gxf6 
28.Nh3 b4 29.axb4 Rb8 30.Rc2 Rxb4 31.Kc1 Kf7 32.Nf4 Bb5 33.Rxc6 dxc6 34.
Ne2 Ke6 35.Re3+ Kd6 36.Rf3 Rc4+ 37.Rc3 Rb4 38.Rf3 Ke6 39.Re3+ Kd6 40.Rf3 
1/2-1/2

[Event "III Open A"]
[Site "Genova ITA"]
[Date "1999.08.13"]
[Round "7"]
[White "Loncar, Robert"]
[Black "Chiaretti, Roberto"]
[Result "0-1"]
[WhiteElo "2429"]
[BlackElo "2185"]
[PlyCount "104"]
[EventDate "1999.08.09"]

1.d4 Nf6 2.c4 e6 3.Nf3 d5 4.Nc3 Bb4 5.cxd5 exd5 6.Bg5 Nbd7 7.e3 c5 8.Bd3 
Qa5 9.Qc2 c4 10.Bf5 O-O 11.O-O Re8 12.Nd2 g6 13.Bh3 Bxc3 14.bxc3 Ne4 15.
Nxe4 dxe4 16.Bh4 Nb6 17.Bxc8 Raxc8 18.Rab1 Nd5 19.Rfc1 b5 20.Bg3 Re6 21.h4
a6 22.Be5 Rce8 23.a4 f6 24.Bg3 Qxa4 25.Qxa4 bxa4 26.Ra1 Rc6 27.Rxa4 Kf7 
28.Ra5 Ke6 29.Kf1 Rec8 30.Ra3 Rb6 31.Ke1 Rcc6 32.Rca1 a5 33.Kd2 Rb3 34.
Rxa5 Rxc3 35.Ra6 Rd3+ 36.Kc1 Nb4 37.R6a4 Rb3 38.Rb1 Nd3+ 39.Kc2 Rxb1 40.
Kxb1 c3 41.Kc2 Ne1+ 42.Kc1 c2 43.d5+ Kxd5 44.Rd4+ Ke6 45.Rxe4+ Kf7 46.Rd4 
Rb6 47.Kd2 Rb1 48.Rd7+ Ke8 49.Rc7 Rd1+ 50.Ke2 c1=Q 51.Kf1 Nf3+ 52.Ke2 Ng1#
0-1

[Event "III Open A"]
[Site "Genova ITA"]
[Date "1999.08.13"]
[Round "7"]
[White "Sciacca, Massimo"]
[Black "Berni, Mauro"]
[Result "1-0"]
[WhiteElo "2182"]
[BlackElo "2074"]
[PlyCount "77"]
[EventDate "1999.08.09"]

1.e4 c5 2.c4 Nc6 3.Nf3 g6 4.d4 cxd4 5.Nxd4 Nf6 6.Nc3 Nxd4 7.Qxd4 d6 8.Bg5 
Bg7 9.Qd2 O-O 10.Be2 Be6 11.O-O Qa5 12.Rad1 Rfc8 13.b3 Qd8 14.f4 Qf8 15.f5
gxf5 16.exf5 Bd7 17.Bxf6 Bxf6 18.Nd5 Qg7 19.Rf3 Kf8 20.Rg3 Qh8 21.Qh6+ Bg7
22.Qh4 Re8 23.Bd3 Rac8 24.f6 exf6 25.Qf4 Re5 26.Rf1 Rce8 27.Rgf3 f5 28.Qg3
Be6 29.Bxf5 Bxf5 30.Rxf5 Rxf5 31.Qxd6+ Kg8 32.Rxf5 Bd4+ 33.Kf1 Qg7 34.h4 
h6 35.Rf3 Kh8 36.Qf4 Rg8 37.g3 f6 38.Qxd4 Qd7 39.Qxf6+ 1-0

[Event "III Open A"]
[Site "Genova ITA"]
[Date "1999.08.13"]
[Round "7"]
[White "Squarci, Franco"]
[Black "Mazzetta, Franco"]
[Result "1-0"]
[WhiteElo "2067"]
[BlackElo "1567"]
[PlyCount "75"]
[EventDate "1999.08.09"]

1.Nf3 Nc6 2.d4 d5 3.g3 Nf6 4.Bg2 Bg4 5.O-O e6 6.Nbd2 Be7 7.c3 h6 8.Re1 O-O
9.Qc2 Bf5 10.Qd1 Bh7 11.h3 Qd7 12.Nh2 Rfd8 13.f4 Nh5 14.Ndf1 f5 15.Nf3 Nf6
16.e3 Ne4 17.Kh2 Qe8 18.N1d2 Qh5 19.Nxe4 dxe4 20.Ne5 Qxd1 21.Rxd1 Nxe5 22.
fxe5 Rd7 23.b4 c5 24.bxc5 Bxc5 25.Rb1 Be7 26.Bd2 Rc8 27.Rb3 Bg6 28.Rdb1 b6
29.Bf1 Bh5 30.Ba6 Rcd8 31.a4 Bf7 32.a5 bxa5 33.Ra1 Rc7 34.Rxa5 Bf8 35.Rab5
Rdd7 36.Rb8 g5 37.c4 Kg7 38.Ba5 1-0

[Event "III Open A"]
[Site "Genova ITA"]
[Date "1999.08.13"]
[Round "7"]
[White "Wall, Gavin"]
[Black "Godena, Michele"]
[Result "1/2-1/2"]
[WhiteElo "2353"]
[BlackElo "2490"]
[PlyCount "53"]
[EventDate "1999.08.09"]

1.e4 c5 2.Nf3 e6 3.b3 b6 4.Bb2 Bb7 5.Qe2 d6 6.g3 Nf6 7.d3 Be7 8.Bg2 Nc6 9.
O-O O-O 10.Nbd2 b5 11.Rfe1 Nd7 12.d4 cxd4 13.Nxd4 Bf6 14.Nxc6 Bxc6 15.e5 
Bxe5 16.Bxc6 Bxb2 17.Rab1 Bc3 18.Bxa8 Qxa8 19.Red1 Bxd2 20.Qxd2 Ne5 21.
Qxd6 Nf3+ 22.Kf1 Nxh2+ 23.Ke2 Qf3+ 24.Ke1 Qc3+ 25.Ke2 Qf3+ 26.Ke1 Qc3+ 27.
Ke2 1/2-1/2

[Event "III Open A"]
[Site "Genova ITA"]
[Date "1999.08.14"]
[Round "8"]
[White "Cebalo, Miso"]
[Black "Godena, Michele"]
[Result "0-1"]
[WhiteElo "2453"]
[BlackElo "2490"]
[PlyCount "66"]
[EventDate "1999.08.09"]

1.d4 d5 2.Nf3 Nf6 3.c4 c6 4.Nc3 e6 5.Bg5 h6 6.Bxf6 Qxf6 7.e3 Nd7 8.Bd3 
dxc4 9.Bxc4 g6 10.O-O Qe7 11.a3 Bg7 12.Qc2 O-O 13.Rad1 b6 14.e4 Bb7 15.
Rfe1 Rfc8 16.Qe2 a6 17.e5 b5 18.Ba2 c5 19.d5 c4 20.Bb1 exd5 21.Nxd5 Bxd5 
22.Rxd5 Rc5 23.Qd1 Nxe5 24.Nxe5 Rxd5 25.Qxd5 Rd8 26.Qc6 Qxe5 27.Kf1 Qxb2 
28.Re8+ Rxe8 29.Qxe8+ Kh7 30.Be4 f5 31.Bb7 c3 32.Bd5 Qc1+ 33.Ke2 Qc2+ 0-1